Dobrý manažér - dobrý herec

Základná rola každého manažéra spočíva v pomoci skupine spolupracovníkov splniť určitú úlohu, udržať skupinu ako celok a zaistiť, aby všetci prispeli k riešeniu úloh. Roly vyjadrujú špecifické formy správania, ktoré sú potrebné na vykonanie danej úlohy. Aké typy manažérov poznáme.

Uložené v:
Podrobná bibliografia
Hlavný autor: Poniščiaková, Oľga
Médium: Kapitola
Jazyk:Slovak
Predmet:
Tagy: Pridať tag
Žiadne tagy, Buďte prvý, kto otaguje tento záznam!

MARC

LEADER 00000naa a2200000 4500
001 0284654
005 20240417075207.8
041 0 |a slo 
044 |a SK 
245 1 0 |a Dobrý manažér - dobrý herec  |c Oľga Poniščiaková 
520 |a Základná rola každého manažéra spočíva v pomoci skupine spolupracovníkov splniť určitú úlohu, udržať skupinu ako celok a zaistiť, aby všetci prispeli k riešeniu úloh. Roly vyjadrujú špecifické formy správania, ktoré sú potrebné na vykonanie danej úlohy. Aké typy manažérov poznáme. 
610 2 0 |a manažéri 
610 2 0 |a vedenie ľudí 
610 2 0 |a správanie sociálne 
610 2 0 |a riadenie ľudských zdrojov 
610 2 0 |a komunikácia manažérska 
100 1 |a Poniščiaková, Oľga